Modern economics : (Registro nro. 5294)

Detalles MARC
000 -LEADER
fixed length control field 00949nam a2200229Ia 4500
003 - CONTROL NUMBER IDENTIFIER
control field OSt
005 - DATE AND TIME OF LATEST TRANSACTION
control field 20200611122451.0
008 - FIXED-LENGTH DATA ELEMENTS--GENERAL INFORMATION
fixed length control field 191128s1940 us fr 000 0 eng d
040 ## - CATALOGING SOURCE
Original cataloging agency CO-JMCR
Transcribing agency CO-JMCR
041 0# - LANGUAGE CODE
Language code of text/sound track or separate title eng
082 04 - DEWEY DECIMAL CLASSIFICATION NUMBER
Classification number 330 /
Item number M821m
Edition number 23
100 1# - MAIN ENTRY--PERSONAL NAME
Personal name Moore, Justin H.,
Relator term autor
9 (RLIN) 4471
245 10 - TITLE STATEMENT
Title Modern economics :
Remainder of title its principles and practices /
Statement of responsibility, etc. Justin H. Moore, William H. Steiner y Herbert Arkin [y otros]
260 ## - PUBLICATION, DISTRIBUTION, ETC.
Place of publication, distribution, etc. New York :
Name of publisher, distributor, etc. Thomas Nelson and Sons,
Date of publication, distribution, etc. 1940
300 ## - PHYSICAL DESCRIPTION
Extent xiii, 486 páginas ;
Dimensions 21 cm.
505 0# - FORMATTED CONTENTS NOTE
Formatted contents note The nature and scope of economics -- Framework of economic life -- Organization of business enterprises -- Production -- Marketing -- The marketing system -- Consumption -- The consumer -- The value problem -- Deman forces
546 ## - LANGUAGE NOTE
Language note Texto en inglés
650 14 - SUBJECT ADDED ENTRY--TOPICAL TERM
Topical term or geographic name entry element Economía
9 (RLIN) 4472
700 1# - ADDED ENTRY--PERSONAL NAME
Personal name Steiner, William H.,
Relator term autor
9 (RLIN) 4473
700 1# - ADDED ENTRY--PERSONAL NAME
Personal name Arkin, Herbert,
Relator term autor
9 (RLIN) 4474
942 ## - ADDED ENTRY ELEMENTS (KOHA)
Source of classification or shelving scheme Dewey Decimal Classification
Koha item type Books
Existencias
Withdrawn status Lost status Source of classification or shelving scheme Damaged status Not for loan Collection code Home library Current library Date acquired Source of acquisition Cost, normal purchase price Total Checkouts Full call number Barcode Date last seen Copy number Koha item type
    Dewey Decimal Classification     Non-fiction Biblioteca Pública José María del Castillo y Rada Biblioteca Pública José María del Castillo y Rada 04/15/2018 Donación 0.00   330 / M821m 430001675 05/16/2024 Ej.1 Books